| 000 | 00799cam a22002292 4500 | ||
|---|---|---|---|
| 001 | 0000024578 | ||
| 005 | 20151217152304.0 | ||
| 008 | 140108s xx 000 0 eng d | ||
| 020 | _a0199580378 : | ||
| 040 |
_aKABU _cKABU |
||
| 100 | 1 |
_aChesterman, Simon. _@0000184897 |
|
| 245 | 1 | 0 |
_aOne nation under surveillance : _ba new social contract to defend freedom without sacrificing liberty / _cSimon chesterman. |
| 250 | _a1st ed. | ||
| 260 |
_aOxford : _bO. U. P., _c2011. |
||
| 300 | _axii, 297 p. | ||
| 650 | 0 |
_aElectronic surveillance _xSocial aspects. _@0000184898 |
|
| 650 | 0 |
_aIntelligence service _xSocial aspects. _@0000184899 |
|
| 650 | 0 |
_aNational social security. _@0000184900 |
|
| 852 | 1 | _9p3645 KES | |
| 908 | _a140108 | ||
| 950 | _@1 | ||
| 999 |
_c10348 _d10348 |
||